000 00703cam a22002413a 4500
001 25093
003 PGUSA
005 20140828083535.0
008 080418s2008||||xxu|||||s|||||000 | eng d
040 _aPGUSA
_beng
042 _adc
050 4 _aAP
245 1 0 _aHarper's New Monthly Magazine, Vol. 3, July, 1851
_h[electronic resource] /
_cVarious
260 _bProject Gutenberg,
_c2008
506 _aPublic domain in the USA.
516 _aElectronic text
653 _aAmerican literature -- Periodicals
653 _aCulture -- Periodicals
653 _aCivilization -- Periodicals
830 0 _aProject Gutenberg
_v25093
856 4 0 _uhttp://www.gutenberg.org/ebooks/25093
942 _cEB
999 _c254348
_d254348